01320nab a22002417a 4500999001500000003000400015005001700019008004100036040000700077100003700084245017200121260007200293300001300365505025100378505010700629505008900736650002300825650002400848650003300872650003500905773012500940942001301065 c6078d6078OSt20260121182847.0190502c xxu||||| |||| 00| 0 spa d cPJ 96855aKunusch Ribichini, Leandro1 aDiscusiones acerca de la notificación a testigos en el fuero penal federal :banálisis en clave de litigio constitucional adversarial /cLeandro Kunusch Ribichini. aCiudad Autónoma de Buenos Aires :bThomson Reuters La Ley,c2024. ap. 58-66 aSumario: I. Introducción.— II. La postura de las partes recurrentes.— III. La cuestión en las distintas Salas de la Casación Federal.— IV. El voto de Ángela Ledesma en el fallo comentado.— V. Trasfondo del problema y reflexiones  aFallo comentado: CFCasación Penal, sala II, 22/05/2023. - T., H. L. y otro s/ recurso de casación. t¿Te interesa el texto completo? Solicitalo al correo: koha@justierradelfuego.gov.ar 09343aDERECHO PENAL 092348aPROCESO PENAL 096853aCITACIÓN DE TESTIGOS 091057aJURISPRUDENCIA APLICABLE0 0272993180dBuenos Aires : LexisNexis, 2006-tRevista de derecho penal y procesal penal. Nº 3 - Marzo 2024z9875920622 2udccANA